| 000 | 00823nam a2200193 a 4500 | ||
|---|---|---|---|
| 001 | 000022031 | ||
| 005 | 20200930011542.0 | ||
| 008 | 100916s1964 dr ac 001 0 spa d | ||
| 040 |
_aDO-SdBNP _bspa _cBNPHU |
||
| 082 |
_a355.03097293 _bL697b |
||
| 245 | 0 | 0 |
_aLibro blanco de las Fuerzas Armadas y la Policía Nacional de la República Dominicana : _bestudios y pruebas documentales de las causas del Movimiento Reivindicador del 25 de Septiembre de 1963. |
| 260 |
_aSanto Domingo : _bDel Caribe, _c1964. |
||
| 300 |
_a486 p. : _bil., facsíms., retrs. ; _c27 cm. |
||
| 651 | 4 |
_aRepública Dominicana _xFuerzas Armadas _xHistoria _910930 |
|
| 651 | 4 |
_aRepública Dominicana _xHistoria Militar _92806 |
|
| 650 | 4 |
_aPolicía _zRepública Domincana _xHistoria _917122 |
|
| 910 | _aValidado. Control de calidad EMS. | ||
| 049 | _aBNPD | ||
| 999 |
_c21529 _d21529 |
||